000 00345nam a2200133 a 4500
005 20140414131901.0
008 100918s19uu xx 00 eng d
050 _aFIC
_bC37 1998
100 _aCharbonnet, Gabrielle
245 _aCinderella's castle.
260 _aNew York :
_bDisney Press,
_c1998.
440 _aDisney girls
999 _c110672
_d110672